[Event "CYCC U16"]
[Site "Quebec CAN"]
[Date "2008.07.16"]
[Round "6"]
[White "Hansen, Eric"]
[Black "Martchenko, Alexander"]
[Result "1/2-1/2"]
[WhiteElo "2347"]
[BlackElo "2243"]
[PlyCount "48"]
[GameId "2160767910354284"]
[EventDate "2008.07.14"]
[EventType "swiss"]
[EventRounds "7"]
[EventCountry "CAN"]
[SourceTitle "EXT 2011"]
[Source "ChessBase"]
[SourceDate "2011.11.26"]
[SourceVersion "1"]
[SourceVersionDate "2011.11.26"]
[SourceQuality "1"]

1. e4 e5 2. Nf3 Nc6 3. Bc4 Bc5 4. c3 Nf6 5. d3 d6 6. Bb3 Bb6 7. Nbd2 Ne7 8. O-O Ng6 9. Nc4 O-O 10. a4 c6 11. Nxb6 axb6 12. h3 b5 13. Be3 bxa4 14. Rxa4 Rxa4 15. Bxa4 h6 16. Re1 Be6 17. d4 Qc7 18. Bb3 Qe7 19. dxe5 dxe5 20. Bxe6 Qxe6 21. Qd3 Ra8 22. Rd1 Qb3 23. Rb1 Qe6 24. Rd1 h5 1/2-1/2

[Event "CYCC U16"]
[Site "Quebec CAN"]
[Date "2008.07.16"]
[Round "6"]
[White "MacKinnon, Keith"]
[Black "Lee, Bryan Tsz Hou"]
[Result "1/2-1/2"]
[WhiteElo "2070"]
[BlackElo "1845"]
[PlyCount "90"]
[GameId "2160767910354285"]
[EventDate "2008.07.14"]
[EventType "swiss"]
[EventRounds "7"]
[EventCountry "CAN"]
[SourceTitle "EXT 2011"]
[Source "ChessBase"]
[SourceDate "2011.11.26"]
[SourceVersion "1"]
[SourceVersionDate "2011.11.26"]
[SourceQuality "1"]

1. e4 c5 2. Nf3 d6 3. d4 cxd4 4. Nxd4 Nf6 5. Nc3 g6 6. Be2 Bg7 7. O-O Nc6 8. Be3 O-O 9. Kh1 a6 10. a4 Bd7 11. f4 Rc8 12. Nb3 Na5 13. Nxa5 Qxa5 14. Bd4 Bc6 15. Bf3 e5 16. Be3 Rfd8 17. Qc1 d5 18. Bd2 Qc7 19. exd5 Nxd5 20. Bxd5 Bxd5 21. Nxd5 Rxd5 22. c3 e4 23. Qc2 Re8 24. Rfe1 Qc4 25. Rad1 f5 26. Bc1 Red8 27. Rxd5 Rxd5 28. Rd1 b5 29. axb5 axb5 30. Be3 h6 31. Kg1 Kh7 32. Rxd5 Qxd5 33. b3 Bf6 34. Kf2 g5 35. c4 Qc6 36. Qa2 Kg6 37. cxb5 Qxb5 38. Qc2 gxf4 39. Bxf4 Bd4+ 40. Kg3 Qb4 41. Qc6+ Bf6 42. Qe8+ Kg7 43. Qd7+ Kg6 44. Qe8+ Kg7 45. Qd7+ Kg6 1/2-1/2

[Event "CYCC U16"]
[Site "Quebec CAN"]
[Date "2008.07.16"]
[Round "6"]
[White "Mai, Lloyd"]
[Black "Lai, Matthew"]
[Result "1/2-1/2"]
[WhiteElo "2273"]
[BlackElo "1944"]
[PlyCount "107"]
[GameId "2160767910354286"]
[EventDate "2008.07.14"]
[EventType "swiss"]
[EventRounds "7"]
[EventCountry "CAN"]
[SourceTitle "EXT 2011"]
[Source "ChessBase"]
[SourceDate "2011.11.26"]
[SourceVersion "1"]
[SourceVersionDate "2011.11.26"]
[SourceQuality "1"]

1. e4 e5 2. Nf3 Nc6 3. Bc4 Nf6 4. d4 exd4 5. O-O Bc5 6. e5 d5 7. exf6 dxc4 8. Re1+ Be6 9. fxg7 Rg8 10. Ng5 Qd5 11. Nc3 Qf5 12. Nce4 O-O-O 13. g4 Qe5 14. Nxc5 Qxc5 15. Rxe6 fxe6 16. Nxe6 Qd6 17. Nxd8 Nxd8 18. Qf3 Rxg7 19. Qf5+ Qe6 20. Qxe6+ Nxe6 21. f3 d3 22. cxd3 cxd3 23. Be3 c5 24. h4 Rd7 25. Kf2 b5 26. f4 c4 27. g5 b4 28. Bd2 Nd4 29. Rc1 Nc2 30. f5 Rc7 31. f6 Kd7 32. Rd1 Ke6 33. h5 c3 34. bxc3 bxc3 35. Bf4 Rd7 36. Kf3 d2 37. g6 hxg6 38. hxg6 Nd4+ 39. Ke4 Ne2 40. f7 Rd4+ 41. Ke3 Rxf4 42. g7 Kxf7 43. Kxe2 Kxg7 44. Kd3 Rf3+ 45. Ke2 Rh3 46. Rb1 Kf6 47. a4 Ke6 48. Rg1 Rh7 49. Kd3 Rd7+ 50. Kc2 d1=Q+ 51. Rxd1 Rxd1 52. Kxd1 Kd5 53. Kc2 Kc4 54. a5 1/2-1/2

[Event "CYCC U16"]
[Site "Quebec CAN"]
[Date "2008.07.16"]
[Round "6"]
[White "Me, Kevin"]
[Black "Kaufman, Harris"]
[Result "0-1"]
[WhiteElo "1880"]
[BlackElo "1891"]
[PlyCount "44"]
[GameId "2160767910354287"]
[EventDate "2008.07.14"]
[EventType "swiss"]
[EventRounds "7"]
[EventCountry "CAN"]
[SourceTitle "EXT 2011"]
[Source "ChessBase"]
[SourceDate "2011.11.26"]
[SourceVersion "1"]
[SourceVersionDate "2011.11.26"]
[SourceQuality "1"]

1. e4 c5 2. Nf3 d6 3. d4 cxd4 4. Nxd4 Nf6 5. Nc3 a6 6. Bg5 e6 7. f4 Nbd7 8. Qf3 Qc7 9. O-O-O b5 10. Bd3 Bb7 11. Rhe1 Qb6 12. Bxf6 gxf6 13. Nce2 h5 14. h4 b4 15. Kb1 Rc8 16. Qh3 d5 17. exd5 Bxd5 18. Nc1 Be7 19. Nf5 exf5 20. Bxf5 Be6 21. Rxd7 Kxd7 22. Qd3+ Qd6 0-1

[Event "CYCC U16"]
[Site "Quebec CAN"]
[Date "2008.07.16"]
[Round "6"]
[White "Page-Fortin, Mathieu"]
[Black "Rakov, Pavel"]
[Result "1/2-1/2"]
[WhiteElo "1802"]
[BlackElo "1970"]
[PlyCount "92"]
[GameId "2160767910354288"]
[EventDate "2008.07.14"]
[EventType "swiss"]
[EventRounds "7"]
[EventCountry "CAN"]
[SourceTitle "EXT 2011"]
[Source "ChessBase"]
[SourceDate "2011.11.26"]
[SourceVersion "1"]
[SourceVersionDate "2011.11.26"]
[SourceQuality "1"]

1. e4 e6 2. d3 d5 3. Nd2 c5 4. g3 Bd6 5. Bg2 Ne7 6. f4 dxe4 7. Nxe4 Nbc6 8. Be3 b6 9. Qh5 Bb7 10. Nf3 Nf5 11. Bd2 Qe7 12. O-O-O O-O-O 13. Rhe1 h6 14. Bc3 Ncd4 15. Nxd4 cxd4 16. Bd2 g6 17. Qf3 Bd5 18. c4 Bb7 19. Nxd6+ Rxd6 20. Qf2 Bxg2 21. Qxg2 Qb7 22. Qxb7+ Kxb7 23. g4 Ng7 24. b4 h5 25. h3 Rdd8 26. Rh1 Kc6 27. Kb2 Rc8 28. a4 Rh7 29. Rc1 hxg4 30. hxg4 Rch8 31. Rhg1 Rh2 32. Rc2 Rf2 33. c5 Rhh2 34. cxb6+ Kxb6 35. a5+ Kb7 36. Kc1 a6 37. Re1 Ne8 38. Re4 Nc7 39. Rxd4 Nd5 40. Rdc4 Rfg2 41. g5 Rg4 42. Rc8 Rgg2 43. Rf8 Nxf4 44. Rxf7+ Kb8 45. Rf8+ Kb7 46. Rf7+ Kb8 1/2-1/2

[Event "CYCC U16"]
[Site "Quebec CAN"]
[Date "2008.07.16"]
[Round "6"]
[White "Thavandiran, Shiyam"]
[Black "Hambleton, Aman"]
[Result "1-0"]
[WhiteElo "2372"]
[BlackElo "2012"]
[PlyCount "44"]
[GameId "2160767910354289"]
[EventDate "2008.07.14"]
[EventType "swiss"]
[EventRounds "7"]
[EventCountry "CAN"]
[SourceTitle "EXT 2011"]
[Source "ChessBase"]
[SourceDate "2011.11.26"]
[SourceVersion "1"]
[SourceVersionDate "2011.11.26"]
[SourceQuality "1"]

1. e4 e6 2. d4 b6 3. Nc3 Bb7 4. Bd3 Nf6 5. Nge2 c5 6. O-O Be7 7. e5 Nd5 8. dxc5 Bxc5 9. Nxd5 exd5 10. Ng3 Nc6 11. Nh5 Qe7 12. Nxg7+ Kd8 13. Nf5 Qe6 14. Nd6 Bxd6 15. exd6 Rg8 16. Bf4 Qf6 17. Bg3 Ne5 18. Qh5 d4 19. Rfe1 Rg5 20. Rxe5 Rxh5 21. Rxh5 Kc8 22. Re1 Bc6 1-0

[Event "CYCC U16"]
[Site "Quebec CAN"]
[Date "2008.07.16"]
[Round "7"]
[White "Dawson, Jeffrey"]
[Black "MacKinnon, Keith"]
[Result "0-1"]
[WhiteElo "1336"]
[BlackElo "2070"]
[PlyCount "52"]
[GameId "2160767910354290"]
[EventDate "2008.07.14"]
[EventType "swiss"]
[EventRounds "7"]
[EventCountry "CAN"]
[SourceTitle "EXT 2011"]
[Source "ChessBase"]
[SourceDate "2011.11.26"]
[SourceVersion "1"]
[SourceVersionDate "2011.11.26"]
[SourceQuality "1"]

1. f4 Nf6 2. e3 d5 3. h3 c5 4. b3 e6 5. Bb2 Ne4 6. Nf3 Be7 7. h4 f6 8. Bd3 Nd6 9. O-O Nc6 10. Qe1 Nb4 11. a3 Nxd3 12. cxd3 Qb6 13. Qd1 Bd7 14. Bc3 Bb5 15. Qc2 Qa6 16. Ne1 Nf5 17. a4 Bc6 18. Nf3 d4 19. exd4 cxd4 20. Nxd4 Qb6 21. a5 Nxd4 22. Qb2 Ne2+ 23. Kh2 Qd8 24. Rf2 Qxd3 25. b4 Qg3+ 26. Kh1 Qh3# 0-1

[Event "CYCC U16"]
[Site "Quebec CAN"]
[Date "2008.07.16"]
[Round "7"]
[White "Hambleton, Aman"]
[Black "Deschenes, Marc-Andre"]
[Result "1-0"]
[WhiteElo "2012"]
[BlackElo "1864"]
[PlyCount "108"]
[GameId "2160767910354291"]
[EventDate "2008.07.14"]
[EventType "swiss"]
[EventRounds "7"]
[EventCountry "CAN"]
[SourceTitle "EXT 2011"]
[Source "ChessBase"]
[SourceDate "2011.11.26"]
[SourceVersion "1"]
[SourceVersionDate "2011.11.26"]
[SourceQuality "1"]

1. d4 Nf6 2. c4 e6 3. Nf3 c6 4. g3 b6 5. Bg2 d5 6. O-O Bd6 7. Qc2 Bb7 8. b3 Nbd7 9. Bb2 Qc7 10. Nbd2 O-O 11. Rac1 Rac8 12. e4 dxe4 13. Ng5 h6 14. Ngxe4 Be7 15. Rfe1 Nxe4 16. Nxe4 Nf6 17. d5 cxd5 18. Nxf6+ Bxf6 19. Bxf6 gxf6 20. Qd2 Kg7 21. cxd5 Qd6 22. Rxc8 Rxc8 23. Re4 f5 24. Rh4 Rh8 25. Qc3+ e5 26. Rc4 Rd8 27. f4 f6 28. fxe5 fxe5 29. Rc7+ Rd7 30. Rxd7+ Qxd7 31. Qxe5+ Kf7 32. Qe6+ Qxe6 33. dxe6+ Kxe6 34. Bxb7 Ke5 35. Kf2 f4 36. g4 Kf6 37. h4 b5 38. Kf3 Ke5 39. a4 bxa4 40. bxa4 a5 41. Ba6 h5 42. g5 Kf5 43. Bd3+ Ke5 44. Bg6 Ke6 45. Kxf4 Ke7 46. Bxh5 Kf8 47. Kf5 Kg7 48. Be2 Kh7 49. h5 Kg7 50. h6+ Kh7 51. Kf6 Kg8 52. g6 Kh8 53. Bd3 Kg8 54. h7+ Kh8 1-0

[Event "CYCC U16"]
[Site "Quebec CAN"]
[Date "2008.07.16"]
[Round "7"]
[White "Hansen, Eric"]
[Black "Mai, Lloyd"]
[Result "0-1"]
[WhiteElo "2347"]
[BlackElo "2273"]
[PlyCount "72"]
[GameId "2160767910354292"]
[EventDate "2008.07.14"]
[EventType "swiss"]
[EventRounds "7"]
[EventCountry "CAN"]
[SourceTitle "EXT 2011"]
[Source "ChessBase"]
[SourceDate "2011.11.26"]
[SourceVersion "1"]
[SourceVersionDate "2011.11.26"]
[SourceQuality "1"]

1. e4 c5 2. Nf3 Nf6 3. d4 cxd4 4. Nxd4 d6 5. Nc3 g6 6. Be2 Bg7 7. O-O O-O 8. Bg5 Nc6 9. Nb3 Be6 10. Kh1 a6 11. f4 Rc8 12. Bf3 Nd7 13. Re1 b5 14. Rb1 h6 15. Bh4 Bxc3 16. bxc3 Nb6 17. Nd4 Bxa2 18. Ra1 Na4 19. Nxc6 Rxc6 20. Rxa2 Nxc3 21. Qa1 Nxa2 22. Qxa2 Qc7 23. Bd1 a5 24. f5 g5 25. Bf2 Rc4 26. Qb3 Qc6 27. e5 dxe5 28. Rxe5 Qd6 29. Re1 Qf4 30. Kg1 Qxf5 31. Rxe7 Rd8 32. Bh5 Rxc2 33. Be3 Rdc8 34. g4 Rc1+ 35. Kg2 R8c2+ 36. Kg3 Rg1+ 0-1

[Event "CYCC U16"]
[Site "Quebec CAN"]
[Date "2008.07.16"]
[Round "7"]
[White "Ji, Henry"]
[Black "Poulin, Mathieu"]
[Result "0-1"]
[WhiteElo "1591"]
[BlackElo "1385"]
[PlyCount "68"]
[GameId "2160767910354293"]
[EventDate "2008.07.14"]
[EventType "swiss"]
[EventRounds "7"]
[EventCountry "CAN"]
[SourceTitle "EXT 2011"]
[Source "ChessBase"]
[SourceDate "2011.11.26"]
[SourceVersion "1"]
[SourceVersionDate "2011.11.26"]
[SourceQuality "1"]

1. e4 c6 2. d4 d5 3. Nc3 dxe4 4. Nxe4 Bf5 5. Ng3 Bg6 6. c3 e6 7. Bf4 Nf6 8. Nf3 Nbd7 9. Bc4 Be7 10. O-O O-O 11. Nh4 Nd5 12. Nxg6 hxg6 13. Bxd5 cxd5 14. Re1 Nf6 15. Qd3 Bd6 16. Be5 Qc7 17. Bxf6 gxf6 18. Qf3 Kg7 19. Re3 Rh8 20. Qg4 f5 21. Qe2 f4 22. Rf3 fxg3 23. fxg3 Rae8 24. Raf1 Re7 25. Rf6 e5 26. Qg4 exd4 27. cxd4 Rf8 28. h4 Re4 29. Qg5 Bxg3 30. h5 Re1 31. hxg6 Rxf1+ 32. Kxf1 Qc4+ 33. Kg1 Qxd4+ 34. Kf1 Qd1# 0-1

[Event "CYCC U16"]
[Site "Quebec CAN"]
[Date "2008.07.16"]
[Round "7"]
[White "Kaufman, Harris"]
[Black "Thavandiran, Shiyam"]
[Result "0-1"]
[WhiteElo "1891"]
[BlackElo "2372"]
[PlyCount "58"]
[GameId "2160767910354294"]
[EventDate "2008.07.14"]
[EventType "swiss"]
[EventRounds "7"]
[EventCountry "CAN"]
[SourceTitle "EXT 2011"]
[Source "ChessBase"]
[SourceDate "2011.11.26"]
[SourceVersion "1"]
[SourceVersionDate "2011.11.26"]
[SourceQuality "1"]

1. e4 d5 2. exd5 Nf6 3. d4 Nxd5 4. Be2 g6 5. Nf3 Bg7 6. O-O O-O 7. Re1 Re8 8. h3 Bf5 9. Nh4 Bc8 10. c4 Nb6 11. Nf3 Bf5 12. Nc3 c5 13. d5 e5 14. Be3 Na6 15. Nd2 Nc8 16. Nde4 Bxe4 17. Nxe4 Nd6 18. Nxc5 Nxc5 19. Bxc5 e4 20. Bd4 Bxd4 21. Qxd4 Qg5 22. Rad1 Nf5 23. Qc3 h5 24. c5 e3 25. Bf3 exf2+ 26. Kxf2 Qg3+ 27. Kg1 Nh4 28. Rxe8+ Rxe8 29. d6 Re2 0-1

[Event "CYCC U16"]
[Site "Quebec CAN"]
[Date "2008.07.16"]
[Round "7"]
[White "Lee, Bryan Tsz Hou"]
[Black "Page-Fortin, Mathieu"]
[Result "1-0"]
[WhiteElo "1845"]
[BlackElo "1802"]
[PlyCount "83"]
[GameId "2160767910354295"]
[EventDate "2008.07.14"]
[EventType "swiss"]
[EventRounds "7"]
[EventCountry "CAN"]
[SourceTitle "EXT 2011"]
[Source "ChessBase"]
[SourceDate "2011.11.26"]
[SourceVersion "1"]
[SourceVersionDate "2011.11.26"]
[SourceQuality "1"]

1. e4 e6 2. d3 d5 3. Nd2 c5 4. Ngf3 Nc6 5. g3 Bd6 6. Bg2 Nge7 7. O-O O-O 8. Re1 b5 9. Qe2 Rb8 10. c3 b4 11. e5 Bc7 12. d4 c4 13. Nf1 Ba5 14. Qc2 Nf5 15. Bd2 Bd7 16. Ne3 Nce7 17. Nxf5 Nxf5 18. Kh1 b3 19. Qb1 Qb6 20. a3 f6 21. Kg1 Be8 22. g4 Ne7 23. exf6 Bg6 24. Qc1 gxf6 25. Bh6 Rfe8 26. Qf4 Rf8 27. Bxf8 Rxf8 28. Qe3 Nc8 29. Rac1 Re8 30. g5 Qd8 31. Bh3 f5 32. Ne5 Bc7 33. f4 Nd6 34. Rf1 Nf7 35. Nxf7 Bxf7 36. Bg2 Re7 37. Rf2 Qe8 38. Re1 Bh5 39. Bxd5 exd5 40. Qxe7 Qxe7 41. Rxe7 Bb6 42. Re5 1-0

[Event "CYCC U16"]
[Site "Quebec CAN"]
[Date "2008.07.16"]
[Round "7"]
[White "Martchenko, Alexander"]
[Black "Lai, Matthew"]
[Result "1/2-1/2"]
[WhiteElo "2243"]
[BlackElo "1944"]
[PlyCount "184"]
[GameId "2160767910354296"]
[EventDate "2008.07.14"]
[EventType "swiss"]
[EventRounds "7"]
[EventCountry "CAN"]
[SourceTitle "EXT 2011"]
[Source "ChessBase"]
[SourceDate "2011.11.26"]
[SourceVersion "1"]
[SourceVersionDate "2011.11.26"]
[SourceQuality "1"]

1. e4 e5 2. d4 exd4 3. Qxd4 Nc6 4. Qe3 d6 5. Nc3 Bd7 6. f4 Nf6 7. h3 Qe7 8. Bd2 g6 9. O-O-O Bg7 10. g4 O-O-O 11. g5 Ng8 12. Nd5 Qf8 13. Bb5 Kb8 14. Nf3 Nce7 15. Bxd7 Nxd5 16. exd5 Rxd7 17. Qa3 Ne7 18. Be3 a6 19. Rd3 Nf5 20. Bf2 Re7 21. Rb3 Ka8 22. Qb4 Qc8 23. Rd1 Rhe8 24. Nd2 Ne3 25. Bxe3 Rxe3 26. Nc4 Rxb3 27. Qxb3 Qf5 28. Rf1 Re4 29. Qd3 Rxf4 30. Qxf5 Rxf5 31. Rxf5 gxf5 32. c3 f6 33. gxf6 Bxf6 34. Kd2 Be5 35. Ke2 c6 36. Kf3 b5 37. Ne3 f4 38. Ng2 cxd5 39. Nxf4 d4 40. cxd4 Bxd4 41. b3 Kb7 42. Ke4 Be5 43. Nd3 Bh2 44. Kd5 Kb6 45. a3 Bg3 46. Ke6 a5 47. Kd5 h6 48. a4 h5 49. Nc1 bxa4 50. bxa4 Kc7 51. Nb3 Be1 52. Nd4 Kd7 53. Nf5 Bb4 54. Ng7 h4 55. Nf5 Be1 56. Nxd6 Ke7 57. Ne4 Kf7 58. Ke5 Kg6 59. Kf4 Kh5 60. Kf5 Kh6 61. Ng5 Kh5 62. Ne6 Kh6 63. Nf4 Kh7 64. Ng2 Bf2 65. Kg4 Kg6 66. Nxh4+ Kh6 67. Nf5+ Kg6 68. h4 Be1 69. Ne7+ Kf7 70. Nc6 Kf6 71. Nd4 Bd2 72. Nf3 Bc1 73. Ng5 Be3 74. Ne4+ Kg6 75. Ng3 Bc1 76. Ne2 Bd2 77. Nf4+ Kh6 78. Kf5 Bc1 79. Ke5 Bd2 80. Ke4 Bc1 81. Ne2 Bd2 82. Kd3 Be1 83. Nd4 Kh5 84. Nf3 Bb4 85. Kc4 Kg4 86. Ne5+ Kxh4 87. Nc6 Be1 88. Kb5 Kg4 89. Nxa5 Kf5 90. Nc6 Ke6 91. Kb6 Kd6 92. Nd8 Kd7 1/2-1/2

[Event "CYCC U16"]
[Site "Quebec CAN"]
[Date "2008.07.16"]
[Round "7"]
[White "Rakov, Pavel"]
[Black "Me, Kevin"]
[Result "1-0"]
[WhiteElo "1970"]
[BlackElo "1880"]
[PlyCount "94"]
[GameId "2160767910354297"]
[EventDate "2008.07.14"]
[EventType "swiss"]
[EventRounds "7"]
[EventCountry "CAN"]
[SourceTitle "EXT 2011"]
[Source "ChessBase"]
[SourceDate "2011.11.26"]
[SourceVersion "1"]
[SourceVersionDate "2011.11.26"]
[SourceQuality "1"]

1. d4 Nf6 2. Nf3 g6 3. c4 d6 4. Nc3 Bg7 5. e4 O-O 6. Be2 e5 7. dxe5 dxe5 8. Qxd8 Rxd8 9. O-O Be6 10. h3 c6 11. Be3 Na6 12. a3 h6 13. Rfd1 Nd7 14. Nd2 f5 15. f3 f4 16. Bf2 Bf7 17. b4 Nc7 18. Na4 Ne6 19. Nb3 Ndf8 20. Na5 Nd4 21. Bxd4 exd4 22. Rac1 b5 23. cxb5 cxb5 24. Bxb5 Ne6 25. Nc5 Nxc5 26. Rxc5 d3 27. Rc6 d2 28. Bc4 Bxc4 29. Nxc4 Bd4+ 30. Kf1 Rac8 31. b5 Bc3 32. Rxg6+ Kf7 33. Rc6 Rxc6 34. bxc6 Ke6 35. Ke2 Rc8 36. Nxd2 Rxc6 37. Rc1 Kd6 38. Nb1 Ba5 39. Rxc6+ Kxc6 40. Kd3 Kc5 41. Nc3 Bd8 42. Nd5 Bg5 43. Kc3 a5 44. Kd3 Kb5 45. e5 Kc5 46. Ke4 Kc4 47. e6 Kb3 1-0

[Event "CYCC U16 playoff"]
[Site "Quebec CAN"]
[Date "2008.07.16"]
[Round "1"]
[White "Mai, Lloyd"]
[Black "Hansen, Eric"]
[Result "1/2-1/2"]
[WhiteElo "2273"]
[BlackElo "2347"]
[PlyCount "88"]
[GameId "2160767910353791"]
[EventDate "2008.07.17"]
[EventType "match"]
[EventRounds "2"]
[EventCountry "CAN"]

1. d4 Nf6 2. c4 g6 3. Nc3 Bg7 4. Nf3 d6 5. g3 O-O 6. Bg2 Nbd7 7. O-O Re8 8. e4 e5 9. d5 Nc5 10. Ne1 a5 11. Rb1 Nfd7 12. b3 f5 13. a3 fxe4 14. b4 axb4 15. axb4 Nd3 16. Nxd3 exd3 17. Ne4 Nf6 18. Bg5 Bf5 19. Qxd3 h6 20. Be3 Ra2 21. Ra1 Qa8 22. Rxa2 Qxa2 23. Nxf6+ Bxf6 24. Be4 Bxe4 25. Qxe4 Kg7 26. h4 h5 27. Rc1 Be7 28. c5 Qb2 29. Qc4 Rf8 30. c6 b5 31. Qf1 Qxb4 32. Rb1 Qg4 33. Kh2 b4 34. Qb5 Bxh4 35. Rxb4 e4 36. Qc4 Bxg3+ 37. fxg3 Rf3 38. Qd4+ Kh7 39. Bf4 e3 40. Rb7 Rf2+ 41. Kg1 Rf1+ 42. Kxf1 Qf3+ 43. Kg1 Qf2+ 44. Kh1 Qf1+ 1/2-1/2

[Event "CYCC U16 playoff"]
[Site "Quebec CAN"]
[Date "2008.07.17"]
[Round "2"]
[White "Martchenko, Alexander"]
[Black "Hansen, Eric"]
[Result "0-1"]
[WhiteElo "2243"]
[BlackElo "2347"]
[PlyCount "87"]
[GameId "2160767910353792"]
[EventDate "2008.07.17"]
[EventType "match"]
[EventRounds "2"]
[EventCountry "CAN"]

1. e4 e6 2. d4 d5 3. Nc3 Bb4 4. e5 Ne7 5. a3 Bxc3+ 6. bxc3 b6 7. Qg4 Ng6 8. h4 h5 9. Qd1 Ba6 10. Bxa6 Nxa6 11. Ne2 Nb8 12. Bg5 Qd7 13. O-O Nc6 14. Ng3 Nce7 15. Nxh5 O-O-O 16. g3 Rdg8 17. Nf4 Nxf4 18. Bxf4 f6 19. Qf3 Nf5 20. Rfd1 g5 21. hxg5 fxg5 22. Be3 Qc6 23. Bd2 g4 24. Qd3 Rh5 25. Kg2 Rgh8 26. a4 a5 27. Rh1 Rxh1 28. Rxh1 Rxh1 29. Kxh1 Qxa4 30. Kg2 Kb7 31. f3 gxf3+ 32. Kxf3 Qa1 33. Qe2 Qh1+ 34. Qg2 Qd1+ 35. Qe2 Qxc2 36. g4 Nh4+ 37. Kf4 a4 38. Kg5 Qxd2+ 39. Qxd2 Nf3+ 40. Kf6 Nxd2 41. Kxe6 a3 42. g5 a2 43. g6 a1=Q 44. g7 0-1

[Event "CYCC U16 w"]
[Site "Quebec CAN"]
[Date "2008.07.14"]
[Round "1"]
[White "Kagramanov, Dalia"]
[Black "Darbyson, Melissa"]
[Result "1/2-1/2"]
[WhiteElo "1837"]
[BlackElo "1623"]
[PlyCount "91"]
[GameId "2160767910354298"]
[EventDate "2008.07.14"]
[EventType "tourn"]
[EventRounds "5"]
[EventCountry "CAN"]
[SourceTitle "EXT 2011"]
[Source "ChessBase"]
[SourceDate "2011.11.26"]
[SourceVersion "1"]
[SourceVersionDate "2011.11.26"]
[SourceQuality "1"]

1. e4 e5 2. Nf3 Nc6 3. Bc4 Bc5 4. c3 Nf6 5. d4 exd4 6. cxd4 Bb4+ 7. Nc3 Nxe4 8. O-O Nxc3 9. bxc3 Be7 10. Qc2 d5 11. Bd3 Bg4 12. Kh1 Bxf3 13. gxf3 Bd6 14. Rg1 Qh4 15. Rg2 h6 16. Qb3 Nd8 17. Qxd5 Qf6 18. Bd2 g6 19. Re1+ Kf8 20. Reg1 c6 21. Qe4 g5 22. c4 Ne6 23. Be3 Re8 24. Qf5 Qxf5 25. Bxf5 Nf4 26. Bxf4 Bxf4 27. Be4 Ke7 28. Rb1 Rb8 29. Rgg1 Ke6 30. Rge1 Kd6 31. c5+ Kc7 32. d5 cxd5 33. Bxd5 Rhc8 34. Bxb7 Re8 35. Rxe8 Rxe8 36. Be4 Rb8 37. Rxb8 Kxb8 38. Kg1 Be5 39. h3 Kc7 40. Kf1 Bd4 41. c6 Be5 42. Ke2 Kb6 43. Kd3 Kc5 44. Kd2 Kb5 45. Kd3 Kc5 46. Kd2 1/2-1/2

[Event "CYCC U16 w"]
[Site "Quebec CAN"]
[Date "2008.07.14"]
[Round "1"]
[White "Yang, Marguerite"]
[Black "Xiong, Sonja"]
[Result "1-0"]
[WhiteElo "1704"]
[BlackElo "1889"]
[PlyCount "55"]
[GameId "2160767910354299"]
[EventDate "2008.07.14"]
[EventType "tourn"]
[EventRounds "5"]
[EventCountry "CAN"]
[SourceTitle "EXT 2011"]
[Source "ChessBase"]
[SourceDate "2011.11.26"]
[SourceVersion "1"]
[SourceVersionDate "2011.11.26"]
[SourceQuality "1"]

1. d4 d5 2. c4 dxc4 3. e3 Nf6 4. Bxc4 e6 5. Nc3 c5 6. Nf3 Nc6 7. O-O cxd4 8. exd4 Be7 9. Re1 O-O 10. a3 a6 11. d5 exd5 12. Nxd5 Nxd5 13. Bxd5 Qc7 14. Qc2 Bd6 15. h3 Bd7 16. Ng5 g6 17. Ne4 Be5 18. Bh6 Bg7 19. Qd2 Ne7 20. Bxg7 Kxg7 21. Qd4+ Kh6 22. g4 Nxd5 23. g5+ Kh5 24. Qxd5 Bf5 25. Qd1+ Kh4 26. Qf3 Bxh3 27. Re3 Bd7 28. Kg2 1-0

[Event "CYCC U16 w"]
[Site "Quebec CAN"]
[Date "2008.07.14"]
[Round "2"]
[White "Mongenais, Catherine"]
[Black "Yang, Marguerite"]
[Result "0-1"]
[WhiteElo "1467"]
[BlackElo "1704"]
[PlyCount "84"]
[GameId "2160767910354300"]
[EventDate "2008.07.14"]
[EventType "tourn"]
[EventRounds "5"]
[EventCountry "CAN"]
[SourceTitle "EXT 2011"]
[Source "ChessBase"]
[SourceDate "2011.11.26"]
[SourceVersion "1"]
[SourceVersionDate "2011.11.26"]
[SourceQuality "1"]

1. e4 c5 2. Nf3 d6 3. d4 cxd4 4. Nxd4 Nf6 5. Nc3 g6 6. Be3 Bg7 7. f3 a6 8. Qd2 Nc6 9. O-O-O Bd7 10. h4 b5 11. a3 b4 12. Nxc6 bxc3 13. Nxd8 cxd2+ 14. Rxd2 Rxd8 15. Bxa6 Rb8 16. g4 h5 17. Bd4 hxg4 18. Bxf6 Bxf6 19. fxg4 Bxb2+ 20. Kd1 Bxg4+ 21. Be2 Bc3 22. Bxg4 Rb1+ 23. Ke2 Rxh1 24. Rd3 Be5 25. Rb3 Rh2+ 26. Ke3 O-O 27. a4 Rxc2 28. Rb7 Bf6 29. a5 Ra8 30. h5 gxh5 31. Bxh5 Rxa5 32. Rb8+ Kg7 33. Bd1 Ra3+ 34. Kf4 Rf2+ 35. Kg4 Be5 36. Bb3 Rf4+ 37. Kh5 Ra1 38. Rg8+ Kxg8 39. Bxf7+ Kxf7 40. Kg5 Rg1+ 41. Kh5 Kf6 42. Kh6 Rh4# 0-1

[Event "CYCC U16 w"]
[Site "Quebec CAN"]
[Date "2008.07.14"]
[Round "2"]
[White "Xiong, Sonja"]
[Black "Kagramanov, Dalia"]
[Result "0-1"]
[WhiteElo "1889"]
[BlackElo "1837"]
[PlyCount "80"]
[GameId "2160767910354301"]
[EventDate "2008.07.14"]
[EventType "tourn"]
[EventRounds "5"]
[EventCountry "CAN"]
[SourceTitle "EXT 2011"]
[Source "ChessBase"]
[SourceDate "2011.11.26"]
[SourceVersion "1"]
[SourceVersionDate "2011.11.26"]
[SourceQuality "1"]

1. e4 c5 2. Nf3 d6 3. d4 cxd4 4. Nxd4 Nf6 5. Nc3 Nc6 6. f3 e6 7. Bb5 Bd7 8. Be3 Be7 9. O-O O-O 10. Qe2 a6 11. Bd3 b5 12. a3 Qc7 13. f4 Nxd4 14. Bxd4 Bc6 15. Rad1 Rad8 16. Rf3 e5 17. fxe5 dxe5 18. Be3 Ng4 19. Rg3 Nxe3 20. Qxe3 Bb7 21. Qh6 Bc5+ 22. Kh1 f6 23. Rf1 Kh8 24. Qh4 Qe7 25. Nd5 Bxd5 26. exd5 f5 27. Qh3 e4 28. Be2 Rxd5 29. Rg6 Kg8 30. Rxa6 Qd7 31. b4 Be7 32. Qe3 Kh8 33. g3 Qd8 34. Qb3 Rf6 35. Ra7 Rd2 36. Rf2 Rxe2 37. Rxe2 Qd1+ 38. Kg2 Qxe2+ 39. Kg1 Rd6 40. Ra8+ Bd8 0-1

[Event "CYCC U16 w"]
[Site "Quebec CAN"]
[Date "2008.07.15"]
[Round "3"]
[White "Darbyson, Melissa"]
[Black "Xiong, Sonja"]
[Result "0-1"]
[WhiteElo "1623"]
[BlackElo "1889"]
[PlyCount "58"]
[GameId "2160767910354302"]
[EventDate "2008.07.14"]
[EventType "tourn"]
[EventRounds "5"]
[EventCountry "CAN"]
[SourceTitle "EXT 2011"]
[Source "ChessBase"]
[SourceDate "2011.11.26"]
[SourceVersion "1"]
[SourceVersionDate "2011.11.26"]
[SourceQuality "1"]

1. e4 c5 2. Nf3 Nc6 3. d4 cxd4 4. Nxd4 Nf6 5. Nc3 e5 6. Nxc6 bxc6 7. Bc4 Bb4 8. Bd2 d6 9. f3 O-O 10. a3 Bc5 11. Qe2 Be6 12. O-O-O Rb8 13. Bxe6 fxe6 14. Qc4 Qe7 15. Na4 Bb6 16. Nxb6 Rxb6 17. Be3 c5 18. Rd2 Rfb8 19. c3 Kf7 20. Qa2 Rb3 21. Rhd1 d5 22. exd5 exd5 23. Qb1 d4 24. cxd4 Rxe3 25. dxc5 Qxc5+ 26. Rc2 Qb6 27. b4 Rxa3 28. Rc4 Qe3+ 29. Kc2 Qe2+ 0-1